000 00753nam a2200181Ia 4500
008 100920s9999 xx 000 0 und d
082 _b73314
_a891.43 थ 97
100 _aसालवी दिलीप एम. /अनु. चेतनक्रांति आर.
245 _aयुग प्रवर्तक आविष्कार.
260 _bसूचना और प्रसारण मन्त्रालय, भारत सरकार.
_c1997
300 _a91
_bसाधी
365 _b50
520 _aहिंदी.
630 _aयुग प्रवर्तक आविष्कार.
650 _aहिंदी.
730 _aयुग प्रवर्तक आविष्कार.
942 _cBOOK
999 _c714993
_d714990